<?xml version="1.0" encoding="UTF-8"?>
<collection xmlns="http://www.loc.gov/MARC21/slim">
 <record>
  <leader>00801nam a2200265   4500</leader>
  <controlfield tag="001">DLU120132897</controlfield>
  <controlfield tag="005">##20120323</controlfield>
  <datafield tag="040" ind1="#" ind2="#">
   <subfield code="a">DLU</subfield>
   <subfield code="b">vie</subfield>
  </datafield>
  <datafield tag="041" ind1="#" ind2="#">
   <subfield code="a">vie</subfield>
  </datafield>
  <datafield tag="044" ind1="#" ind2="#">
   <subfield code="a">vn</subfield>
  </datafield>
  <datafield tag="100" ind1="#" ind2="#">
   <subfield code="a">Nguyễn Văn Khoa, </subfield>
   <subfield code="c">ThS.</subfield>
  </datafield>
  <datafield tag="245" ind1="#" ind2="#">
   <subfield code="a">Quá trình nhận thức của Đảng về đổi mới tổ chức tòa án nhân dân /</subfield>
   <subfield code="c">Nguyễn Văn Khoa.</subfield>
  </datafield>
  <datafield tag="653" ind1="#" ind2="#">
   <subfield code="a">Cải cách hành chính</subfield>
  </datafield>
  <datafield tag="653" ind1="#" ind2="#">
   <subfield code="a">Cơ quan tư pháp</subfield>
  </datafield>
  <datafield tag="653" ind1="#" ind2="#">
   <subfield code="a">Tòa án</subfield>
  </datafield>
  <datafield tag="773" ind1="#" ind2="#">
   <subfield code="t">Tạp chí Luật học</subfield>
   <subfield code="g">Số 1(104), 2009, tr. 10-13</subfield>
  </datafield>
  <datafield tag="920" ind1="#" ind2="#">
   <subfield code="a">Phòng Tạp chí -- Trung tâm Thông tin - Thư viện Trường Đại học Đà Lạt</subfield>
  </datafield>
  <datafield tag="994" ind1="#" ind2="#">
   <subfield code="a">DLU</subfield>
  </datafield>
  <datafield tag="900" ind1="#" ind2="#">
   <subfield code="a">True</subfield>
  </datafield>
  <datafield tag="911" ind1="#" ind2="#">
   <subfield code="a">Nguyễn Thị Linh Chi</subfield>
  </datafield>
  <datafield tag="925" ind1="#" ind2="#">
   <subfield code="a">G</subfield>
  </datafield>
  <datafield tag="926" ind1="#" ind2="#">
   <subfield code="a">A</subfield>
  </datafield>
  <datafield tag="927" ind1="#" ind2="#">
   <subfield code="a">BB</subfield>
  </datafield>
  <datafield tag="980" ind1="#" ind2="#">
   <subfield code="a">Thư viện Trường Đại học Đà Lạt</subfield>
  </datafield>
 </record>
</collection>
